000 00413nam a2200181Ia 4500
005 20240823060724.0
008 240823s9999||||xx |||||||||||||| ||und||
041 _aENGLISH
082 _A823.92 Q0
100 _aChetan Bhagat
245 0 _aFive Point Someone what not to do at IIT
250 _a1st
260 _c2010
_bRupa
500 _aYES
650 _aNovel
_bEnglish
942 _cBK
999 _c231813
_d231813